000
00195 a2200097 4500
001
2708
100
_a
Deutscher, L
245
_a
Stalin
260
_a
_b
Oxford University
_c
090
_c
2004
_d
2004
942
_a
NUST-CAE
_c
N
_c
11159
999
_c
237781
_d
237781